000 00492nam a2200181Ia 4500
001 8377
005 20260306160605.0
008 260306t2018||||xx |||||||||||||| ||spa||
041 _aESP
082 _a370.7
_bÑ518 2018
100 _aÑaupas Paitán, Humberto
_eAUT
245 0 _aMetodología de la investigación cuantitativa - cualitativa y redacción de la tesis
260 _c2018
300 _a559 páginas :
_c24 cm.
650 _aGEN
654 _aCED
942 _cLIB
_dJUS
_fJUS
_2ddc
_n
999 _c8377
_d8377